[Event "London"]
[Site "London"]
[Date "1986.??.??"]
[Round "11"]
[White "Ribli, Zoltan"]
[Black "Nunn, John DM"]
[Result "1/2-1/2"]
[WhiteElo "2585"]
[BlackElo "2585"]

1.Nf3 Nf6 2.c4 g6 3.g3 Bg7 4.Bg2 O-O 5.O-O c6 6.d4 d5 7.Nbd2 Bf5 8.b3 Ne4
9.Bb2 Nd7 10.Nh4 Nxd2 11.Qxd2 Be6 12.e4 dxe4 13.Bxe4 Bh3 14.Rfe1  1/2-1/2

[Event "London"]
[Site "London"]
[Date "1986.??.??"]
[Round "12"]
[White "Nunn, John DM"]
[Black "Mestel, A Jonathan"]
[Result "1-0"]
[WhiteElo "2585"]
[BlackElo "2525"]

1.e4 c5 2.Nf3 d6 3.d4 cxd4 4.Nxd4 Nf6 5.Nc3 g6 6.Be3 Bg7 7.f3 O-O 8.Qd2 Nc6
9.Bc4 Bd7 10.O-O-O Ne5 11.Bb3 Rc8 12.h4 h5 13.Bg5 Nc4 14.Qe2 Na5 15.Kb1 a6
16.g4 e5 17.gxh5 exd4 18.Nd5 Nxb3 19.h6 Bb5 20.Qh2 d3 21.cxb3 Nxd5 22.hxg7 Rc2
23.Bxd8 Rxd8 24.Rd2  1-0

[Event "Lugano op"]
[Site "Lugano"]
[Date "1986.??.??"]
[Round "?"]
[White "Seirawan, Yasser"]
[Black "Nunn, John DM"]
[Result "1-0"]
[WhiteElo "2605"]
[BlackElo "2585"]

1.d4 Nf6 2.c4 g6 3.Nc3 Bg7 4.e4 d6 5.f3 O-O 6.Be3 Nbd7 7.Nge2 c5 8.d5 a6
9.Ng3 Qa5 10.a4 Ne5 11.Ra3 e6 12.Be2 h5 13.O-O Re8 14.h3 exd5 15.cxd5 c4
16.f4 Ned7 17.e5 dxe5 18.f5 e4 19.Qc2 Ne5 20.fxg6 fxg6 21.Bd4 Qc7 22.Qd2 e3
23.Qxe3 Nc6 24.Bb6 Qf7 25.Qg5 Ne5 26.Nce4 Nxe4 27.Nxe4 Qxd5 28.Nf6+ Bxf6
29.Qxf6 Bxh3 30.Rxh3 Re6 31.Qf2 Rae8 32.Bd4 b5 33.axb5 axb5 34.Bxh5 gxh5
35.Rxh5 Nf3+ 36.Qxf3 Qxd4+ 37.Kh1 Qg7 38.Qd5 Qxb2 39.Rff5 Qb1+ 40.Kh2 Qe4
41.Rhg5+ Kh7 42.Rh5+ Kg6 43.Qd2 Qe3 44.Qd1 Qe2 45.Rfg5+ Kf7 46.Qd4  1-0

[Event "Lugano op"]
[Site "Lugano"]
[Date "1986.??.??"]
[Round "?"]
[White "Hartmann, C."]
[Black "Nunn, John DM"]
[Result "0-1"]
[WhiteElo "2335"]
[BlackElo "2585"]

1.e4 c5 2.Nf3 d6 3.d4 cxd4 4.Nxd4 Nf6 5.Nc3 a6 6.Be2 e5 7.Nb3 Be7 8.O-O O-O
9.Be3 Be6 10.Qd2 Nbd7 11.a4 Rc8 12.Rfd1 Qc7 13.Nc1 Rfd8 14.N1a2 d5 15.exd5 Nb6
16.Bxb6 Qxb6 17.Bf3 Bf5 18.Qe2 Bc5 19.a5 Qxb2 20.Qxe5 Bxc2 21.Qe2 Ba3 22.Re1 Re8
23.Qd2 Bg6 24.Rxe8+ Nxe8 25.Qe1 Nd6 26.Na4 Qd4 27.Nb6 Re8 28.Qd1 Qe5 29.Qf1 Bd3
30.Nd7 Qf5 31.Qd1 Bc2 32.Qd2 Nc4 33.Re1 Qxd7  0-1

[Event "Lugano op"]
[Site "Lugano"]
[Date "1986.??.??"]
[Round "?"]
[White "Nunn, John DM"]
[Black "Hess, Christian"]
[Result "1-0"]
[WhiteElo "2585"]
[BlackElo "2260"]

1.e4 e6 2.d4 d5 3.Nc3 Bb4 4.e5 c5 5.a3 Bxc3+ 6.bxc3 Ne7 7.Nf3 Nbc6 8.Be2 Bd7
9.O-O Qc7 10.Re1 f6 11.Bf4 Ng6 12.Bg3 fxe5 13.Bd3 O-O-O 14.Bxg6 hxg6 15.Nxe5 Nxe5
16.Bxe5 Qa5 17.Re3 Rh4 18.Bxg7 Re4 19.Qf3 Bc6 20.Be5 Rxe3 21.Qxe3 Qa4 22.Bg3 Re8
23.Qe5 Qa5 24.Qb8+ Kd7 25.Qd6+ Kc8 26.Rb1 g5 27.Be5  1-0

[Event "Lugano op"]
[Site "Lugano"]
[Date "1986.??.??"]
[Round "?"]
[White "Nunn, John DM"]
[Black "Bischoff, Klaus"]
[Result "1-0"]
[WhiteElo "2585"]
[BlackElo "2475"]

1.e4 c5 2.Nf3 e6 3.d4 cxd4 4.Nxd4 Nf6 5.Nc3 d6 6.g4 h6 7.h4 a6 8.Bg2 Nc6
9.g5 hxg5 10.hxg5 Rxh1+ 11.Bxh1 Nd7 12.Bg2 g6 13.f4 Qb6 14.Nde2 Qc5 15.Qd3 b5
16.b3 Bb7 17.Bb2 Rc8 18.O-O-O Nb4 19.Qd2 Nxc2 20.Kxc2 b4 21.Kb1 Qf2 22.Bh1 bxc3
23.Bxc3 Qa7 24.Bb2 Qa8 25.Qe3 Nc5 26.Nc3 Bg7 27.Nd5 Bxb2 28.Nb6 Bxe4+ 29.Kxb2 Qa7
30.Rxd6 Nd3+ 31.Ka3 Rc6 32.Rxc6 Qe7+ 33.Qc5 Qxc5+ 34.Rxc5 Nxc5 35.b4 Bxh1
36.bxc5 Bd5 37.Nxd5 exd5 38.Kb4 Kd7 39.Kc3  1-0

[Event "Utrecht"]
[Site "Utrecht"]
[Date "1986.??.??"]
[Round "5"]
[White "Timman, Jan H"]
[Black "Nunn, John DM"]
[Result "1/2-1/2"]
[WhiteElo "2645"]
[BlackElo "2585"]

1.e4 c5 2.Nf3 d6 3.d4 cxd4 4.Nxd4 Nf6 5.Nc3 g6 6.Be3 Bg7 7.f3 O-O 8.Qd2 Nc6
9.g4 Be6 10.O-O-O Nxd4 11.Bxd4 Qa5 12.a3 Rab8 13.h4 b5 14.Nd5 Qxd2+ 15.Rxd2 Bxd5
16.exd5 a5 17.Kb1 Nd7 18.Bxg7 Kxg7 19.f4 h6 20.Rh3 b4 21.a4 g5 22.hxg5 hxg5
23.Bb5 Nf6 24.fxg5 Nxg4 25.c3 bxc3 26.Rxc3 Rb7 27.Rdc2 Kg6 28.Rc7 Rfb8 29.Ba6 Rxc7
30.Rxc7 Rb4 31.Rc4 Rb6 32.Rc6 Rb4 33.Rc4  1/2-1/2

[Event "Vienna op"]
[Site "Vienna"]
[Date "1986.??.??"]
[Round "?"]
[White "Herndl, Harald"]
[Black "Nunn, John DM"]
[Result "0-1"]
[WhiteElo "2345"]
[BlackElo "2585"]

1.e4 c5 2.b3 d6 3.Bb2 e5 4.Bb5+ Nc6 5.Nf3 Nf6 6.Bxc6+ bxc6 7.d3 g6 8.O-O Bg7
9.Ne1 O-O 10.f4 Bg4 11.Qd2 exf4 12.Rxf4 Nxe4 13.Rxe4 Bxb2 14.Rxg4 Bxa1 15.c3 Re8
16.Nc2 Bb2 17.Ne3 Qe7 18.Rg3 Ba1 19.Rf3 d5 20.Kf1 d4 21.Ng4 f5 22.Nh6+ Kg7
23.c4 Kf8 24.g3 Rad8  0-1

[Event "Vienna op"]
[Site "Vienna"]
[Date "1986.??.??"]
[Round "?"]
[White "Ftacnik, Lubomir"]
[Black "Nunn, John DM"]
[Result "1-0"]
[WhiteElo "2515"]
[BlackElo "2585"]

1.Nf3 Nf6 2.c4 g6 3.Nc3 Bg7 4.d4 O-O 5.e4 d6 6.Be2 e5 7.O-O Nc6 8.d5 Ne7
9.Ne1 Nd7 10.Nd3 f5 11.Bd2 Nf6 12.f3 Kh8 13.Rc1 c5 14.g4 Neg8 15.Kg2 Ne8
16.g5 f4 17.h4 Rf7 18.Rh1 Bf8 19.Qg1 Ng7 20.Bd1 Nh5 21.Ne2 h6 22.Kf1 Be7
23.Ba4 hxg5 24.hxg5 Bxg5 25.Be8 Rg7 26.Bxg6 Rxg6 27.Rxh5+ Kg7 28.Bc3 Qe7
29.Rc2 Bh6 30.Qh2 Kh7 31.Nexf4 exf4 32.Nxf4 Qf7 33.Rf2 Rf6 34.Bxf6 Qxf6 35.Rg2 Qd4
36.Qg3 Qd1+ 37.Kf2 Qd4+ 38.Ke1 Bf5 39.Rxf5 Qe3+ 40.Re2  1-0

[Event "Vienna op"]
[Site "Vienna"]
[Date "1986.??.??"]
[Round "?"]
[White "Klinger, Josef"]
[Black "Nunn, John DM"]
[Result "0-1"]
[WhiteElo "2445"]
[BlackElo "2585"]

1.e4 e5 2.Nf3 Nc6 3.Bb5 a6 4.Ba4 Nf6 5.O-O Be7 6.Re1 b5 7.Bb3 d6 8.a4 Bg4
9.c3 O-O 10.d3 Na5 11.Bc2 b4 12.Nbd2 Rb8 13.h3 Bxf3 14.Nxf3 c5 15.d4 b3 16.Bb1 Nd7
17.Bd3 c4 18.Bf1 Qc7 19.d5 Bf6 20.Nh2 g6 21.Qf3 Qd8 22.Bh6 Bg7 23.Ng4 Bxh6
24.Nxh6+ Kg7 25.Ng4 Rc8 26.Qe3 f5 27.Qh6+ Kh8 28.exf5 gxf5 29.Ne3 f4 30.Ng4 Nc5
31.f3 Rc7 32.Nf2 Rg7 33.Kh1 Rf5  0-1

[Event "Vienna op"]
[Site "Vienna"]
[Date "1986.??.??"]
[Round "?"]
[White "Nunn, John DM"]
[Black "Hoelzl, Franz"]
[Result "1-0"]
[WhiteElo "2585"]
[BlackElo "2370"]

1.e4 c5 2.Nf3 d6 3.d4 cxd4 4.Nxd4 Nf6 5.Nc3 a6 6.Be3 e5 7.Nf3 Qc7 8.a4 Be7
9.a5 O-O 10.Be2 Be6 11.O-O Nbd7 12.Ng5 Bc4 13.Ra4 Bxe2 14.Qxe2 Rac8 15.Rd1 Rfd8
16.Nf3 Qc6 17.h3 h6 18.Nh4 Nf8 19.Nf5 Ng6 20.Qf3 Qe8 21.Bb6 Rd7 22.g3 Rc6
23.h4 h5 24.Rd2 Bd8 25.Be3 Rxc3 26.bxc3 d5 27.Qd1 d4 28.cxd4 Nxe4 29.Rd3 Bf6
30.d5 Nd6 31.Nxd6 Rxd6 32.Re4 Qd7 33.Bc5 Qf5 34.Qe2 Rd7 35.c4 Qh3 36.Bb6 Be7
37.c5 f5 38.Rxe5 Nxe5 39.Qxe5 f4 40.Qxf4 Bf8 41.Rf3  1-0

[Event "Vienna op"]
[Site "Vienna"]
[Date "1986.??.??"]
[Round "?"]
[White "Nunn, John DM"]
[Black "Schussler, Harry"]
[Result "1/2-1/2"]
[WhiteElo "2585"]
[BlackElo "2455"]

1.e4 e5 2.Nf3 Nf6 3.d4 Nxe4 4.dxe5 d5 5.Nbd2 Nc5 6.Nb3 Nxb3 7.axb3 Be7 8.Bb5+ c6
9.Bd3 Nd7 10.c3 Nc5 11.Bc2 Bg4 12.O-O O-O 13.b4 Nd7 14.Re1 g6 15.Qd4 Bxf3
16.gxf3 Qb6 17.Qg4 f5 18.Qg3 Kh8 19.Bh6 Rg8 20.Be3 Qd8 21.Rad1 Nf8 22.c4 Bxb4
23.cxd5 cxd5 24.Bg5 Be7 25.Bxe7 Qxe7 26.e6 Rg7 27.Bb3 Qf6 28.Bxd5  1/2-1/2

[Event "Vienna op"]
[Site "Vienna"]
[Date "1986.??.??"]
[Round "?"]
[White "Nunn, John DM"]
[Black "Spassky, Boris V"]
[Result "1/2-1/2"]
[WhiteElo "2585"]
[BlackElo "2610"]

1.e4 e5 2.Nf3 Nc6 3.Bb5 g6 4.c3 a6 5.Ba4 d6 6.d4 Bd7 7.O-O Bg7 8.dxe5 dxe5
9.Be3 Nf6 10.Nbd2 O-O 11.Bxc6 Bxc6 12.Nxe5 Bxe4 13.Nxe4  1/2-1/2

[Event "Bundesliga 8687"]
[Site "Germany"]
[Date "1987.??.??"]
[Round "?"]
[White "Wockenfuss, Klaus"]
[Black "Nunn, John DM"]
[Result "1/2-1/2"]
[WhiteElo "2350"]
[BlackElo "2590"]

1.d4 g6 2.e4 Bg7 3.c3 d6 4.Nf3 Nf6 5.Nbd2 O-O 6.Be2 b6 7.O-O e6 8.Re1 Bb7
9.Bf1 Nbd7 10.a4 c5 11.b4 Qc7 12.a5 Rad8 13.Qb3 cxd4 14.cxd4 bxa5 15.bxa5 Rb8
16.Qa2 Rfc8 17.Ba3 Bf8 18.a6 Ba8 19.Rec1 Qa5 20.Rxc8 Rxc8 21.Nc4 Qd8 22.Bxd6 Nxe4
23.Bxf8 Qxf8 24.Qa5 Nd6 25.Ncd2 Nb6 26.Qe5 Bd5 27.h4 Rc3 28.Nh2 f6 29.Qf4 h5
30.Re1 Kg7 31.g4 hxg4 32.Nxg4 Nf5 33.Ne3 Qb4 34.Nxf5+ gxf5 35.Re3 Rxe3 36.Qxe3 Kh7
37.Qf4 Qe7 38.Kh2 Bc6 39.Nc4 Nxc4  1/2-1/2

[Event "Bundesliga 8687"]
[Site "Germany"]
[Date "1987.??.??"]
[Round "?"]
[White "Nunn, John DM"]
[Black "Fahnenschmidt, Gerhard"]
[Result "1-0"]
[WhiteElo "2560"]
[BlackElo "2340"]

1.e4 e5 2.Nf3 Nc6 3.Bb5 a6 4.Ba4 Nf6 5.O-O Be7 6.Re1 b5 7.Bb3 d6 8.c3 O-O
9.h3 Be6 10.d4 Bxb3 11.Qxb3 d5 12.exd5 Na5 13.Qc2 exd4 14.cxd4 Nxd5 15.Nc3 Nxc3
16.Qxc3 Nc4 17.Bf4 Bd6 18.Ne5 Re8 19.Rad1 Qc8 20.Nxc4 Bxf4 21.Qf3 Bg5 22.Ne5 Bf6
23.Rc1 Qe6 24.b3 Rad8 25.Re4 Bxe5 26.Rxe5 Qd6 27.Qe4 Rf8 28.d5 g6 29.Rc6 Qd7
30.Qe3 Rfe8 31.Rxc7 Qxc7 32.Rxe8+ Rxe8 33.Qxe8+ Kg7 34.g3 b4 35.Qc6 Qe5 36.d6 Qe6
37.Qc5 Qe1+ 38.Kg2 Qe4+ 39.Kh2 Qd3 40.Qxb4 g5 41.Qc5 Kf6 42.g4 Qd2 43.Kg2 Ke6
44.Qc8+ Kf6 45.Qxa6 Qd5+ 46.Kg1 Kg7 47.b4 Qd1+ 48.Kg2 Qd5+ 49.Kg1 Qd1+ 50.Qf1 Qxd6
51.Qb1  1-0

[Event "Bundesliga 8687"]
[Site "Germany"]
[Date "1987.??.??"]
[Round "?"]
[White "Nunn, John DM"]
[Black "Gutman, Lev"]
[Result "0-1"]
[WhiteElo "2590"]
[BlackElo "2460"]

1.e4 c5 2.Nf3 d6 3.d4 cxd4 4.Nxd4 Nf6 5.Nc3 a6 6.f4 Qc7 7.a4 Nc6 8.Nxc6 bxc6
9.Bd3 e5 10.O-O Be7 11.a5 O-O 12.Kh1 exf4 13.Bxf4 Nd7 14.Bc4 Ne5 15.Bxe5 dxe5
16.Na4 Qxa5 17.Rxf7 Rxf7 18.Qh5 g6 19.Bxf7+ Kg7 20.Qf3 Bd7 21.Bc4 Rf8 22.Qd3 Bc8
23.c3 c5 24.b3 Rd8 25.Qg3 Qc7 26.Nb2 Rf8 27.Bd5 h5 28.h3 h4 29.Qe3 Rf6 30.Nd3 Bd7
31.Kh2 Bb5 32.Nf2 c4 33.Ng4 Rf4 34.b4 Qb8 35.Qe2 Qc7 36.Ne3 Bg5 37.Re1 Rf8
38.Qg4 Qe7 39.Nxc4 Bf4+ 40.Kh1 Bg3 41.Rd1 Bd7 42.Qe2 Rf2 43.Qe3 Qf6 44.Qa7 Kh6
45.Qe3+ Kh5 46.Kg1 Bb5 47.Nd2 Bf4 48.Qe1 Qb6 49.Qxf2 Be3 50.Qxe3 Qxe3+  0-1

[Event "Bundesliga 8687"]
[Site "Germany"]
[Date "1987.??.??"]
[Round "?"]
[White "Nunn, John DM"]
[Black "Huebner, Robert"]
[Result "1/2-1/2"]
[WhiteElo "2560"]
[BlackElo "2615"]

1.e4 e6 2.d4 d5 3.Nc3 Bb4 4.e5 c5 5.a3 Bxc3+ 6.bxc3 Ne7 7.Nf3 Nbc6 8.a4 Qa5
9.Bd2 Bd7 10.Bb5 c4 11.O-O a6 12.Bxc6 Bxc6 13.Ng5 h6 14.Qh5 g6 15.Qh3 Bxa4
16.Rfb1 b5 17.Ra2 Qc7 18.Bc1 Kf8 19.Ba3 Qd7 20.Qh4 Re8 21.Nf3 Kg8 22.Qf6 Qd8
23.h4 Nc6 24.Qf4 Qa5 25.Qd2 Qd8 26.Qf4 Qa5 27.Qd2 Qd8 28.Qf4  1/2-1/2

[Event "Bundesliga 8687"]
[Site "Germany"]
[Date "1987.??.??"]
[Round "?"]
[White "Nunn, John DM"]
[Black "King, Daniel J"]
[Result "1-0"]
[WhiteElo "2560"]
[BlackElo "2475"]

1.e4 c5 2.Nf3 d6 3.d4 cxd4 4.Nxd4 Nf6 5.Nc3 a6 6.f4 e5 7.Nf3 Nbd7 8.a4 Be7
9.Bd3 O-O 10.O-O Nc5 11.Kh1 d5 12.Nxe5 Nfxe4 13.Bxe4 dxe4 14.Nd5 Be6 15.Nxe7+ Qxe7
16.f5 f6 17.Ng4 Bf7 18.Qe1 a5 19.b3 Rfd8 20.Bb2 Rd6 21.Qg3 Kh8 22.Rae1 b6
23.Qh4 Rf8 24.Re3 Qd8 25.Kg1 Bg8 26.Bc3 Rd1 27.Ree1 Rd6 28.Nf2 Qc8 29.Re3 Rd5
30.g4 Qc7 31.Nh3 Nd3 32.cxd3 Qxc3 33.Nf4 g5 34.Nxd5 Bxd5 35.Qe1 Qd4 36.dxe4 Bxe4
37.Qc3 Qd5 38.Qc4  1-0

[Event "Bundesliga 8687"]
[Site "Germany"]
[Date "1987.??.??"]
[Round "?"]
[White "Nunn, John DM"]
[Black "Pfleger, Helmut"]
[Result "0-1"]
[WhiteElo "2560"]
[BlackElo "2480"]

1.e4 d6 2.d4 Nf6 3.Nc3 g6 4.Nf3 Bg7 5.Be2 O-O 6.O-O c6 7.Re1 Nbd7 8.Bf4 Qa5
9.Nd2 Qc7 10.d5 Nb6 11.Bf3 Nfd7 12.a4 a5 13.Be3 Ne5 14.Be2 f5 15.exf5 Bxf5
16.f4 Nf7 17.dxc6 bxc6 18.Nf3 e5 19.Bd3 Bg4 20.Be2 Bxf3 21.Bxf3 Nc4 22.Qe2 Nxe3
23.Qxe3 exf4 24.Qe7 Qb6+ 25.Kh1 Qxb2 26.Ne4 Rae8 27.Qd7 d5 28.Rab1 Qxc2 29.Rec1 Qa2
30.Nc5 Ne5 31.Qc7 Rf7 32.Qxa5 Nxf3 33.gxf3 Re2 34.Qd8+ Bf8  0-1

[Event "Bundesliga 8687"]
[Site "Germany"]
[Date "1987.??.??"]
[Round "?"]
[White "Gruen, Peter"]
[Black "Nunn, John DM"]
[Result "1/2-1/2"]
[WhiteElo "2410"]
[BlackElo "2590"]

1.d4 Nf6 2.Nf3 g6 3.c4 Bg7 4.g3 O-O 5.Bg2 Nc6 6.O-O a6 7.Nc3 Rb8 8.d5 Na5
9.c5 e6 10.e4 b6 11.cxb6 Rxb6 12.Qa4 Nb7 13.Be3 Rxb2 14.Qa3 Rb6 15.Bxb6 cxb6
16.Rab1 Qc7 17.e5 Nxd5 18.Nxd5 exd5 19.Qxa6 d6 20.exd6 Nxd6 21.Qxb6 Qd7 22.Rfd1 Nc4
23.Qb5 Qa7 24.Nd2 Bg4 25.Nf3 Bf5 26.Rb4 Qxa2 27.Qxd5 Be6 28.Qb7 Bc3  1/2-1/2

[Event "Bundesliga 8687"]
[Site "Germany"]
[Date "1987.??.??"]
[Round "?"]
[White "Thesing, Matthias"]
[Black "Nunn, John DM"]
[Result "0-1"]
[WhiteElo "2330"]
[BlackElo "2560"]

1.d4 Nf6 2.Nf3 g6 3.Bg5 Bg7 4.Nbd2 O-O 5.c3 d6 6.e4 Qe8 7.Bd3 Nc6 8.O-O h6
9.Bh4 Nh5 10.Re1 e5 11.dxe5 dxe5 12.Bf1 Kh8 13.b4 Bd7 14.Nc4 a6 15.a4 Nf4
16.Nfd2 g5 17.Bg3 Rd8 18.Ne3 Ne7 19.f3 f5 20.Bf2 g4 21.fxg4 fxg4 22.Bc4 Qg6
23.Qc2 h5 24.Ndf1 b5 25.axb5 axb5 26.Bb3 Bc6 27.Nf5 Nxf5 28.exf5 Qxf5 29.Qxf5 Rxf5
30.Bc2 Rff8 31.Be4 Bxe4 32.Rxe4 Rd3 33.Rc1 Nd5 34.Ng3 Nxc3 35.Ree1 h4 36.Ne4 Nxe4
37.Rxe4 Bh6 38.Ra1 g3 39.Bc5 Rfd8 40.Rxe5 gxh2+ 41.Kf2 Bf4 42.Rh5+ Kg8  0-1

[Event "Bundesliga 8687"]
[Site "Germany"]
[Date "1987.??.??"]
[Round "?"]
[White "Steinbacher, Matthias"]
[Black "Nunn, John DM"]
[Result "0-1"]
[WhiteElo "2280"]
[BlackElo "2590"]

1.e4 c5 2.Nf3 d6 3.d4 cxd4 4.Nxd4 Nf6 5.Nc3 a6 6.Bd3 Nc6 7.Nxc6 bxc6 8.O-O e5
9.f4 Be7 10.a4 a5 11.Kh1 O-O 12.Qe1 Rb8 13.Bd2 Rxb2 14.Nd1 Rb8 15.Bxa5 Qd7
16.fxe5 dxe5 17.Bc3 Bd6 18.Ne3 Qe7 19.a5 Re8 20.a6 Ra8 21.Ra4 Be6 22.Bc4 Nd7
23.Nf5 Bxf5 24.Rxf5 Rf8 25.Ra1 g6 26.Rf3 Bc5 27.Rb1 Nb6 28.Bd3 Ra7 29.Ba5 Nd7
30.Bc4 Kg7 31.Rfb3 Rfa8 32.Qf1 Bd6 33.Rb7 Qf8 34.Bb4 Bxb4 35.R1xb4 Nc5 36.Rxa7 Rxa7
37.Qg1 Qe7 38.Be2 Nxa6 39.Ra4 Nc5 40.Rc4 Ne6  0-1

[Event "Hastings8788"]
[Site "Hastings"]
[Date "1987.??.??"]
[Round "1"]
[White "Nunn, John DM"]
[Black "Chandler, Murray G"]
[Result "1/2-1/2"]
[WhiteElo "2585"]
[BlackElo "2575"]

1.e4 c5 2.Nf3 d6 3.d4 cxd4 4.Nxd4 Nf6 5.Nc3 Nc6 6.Bg5 e6 7.Qd2 Be7 8.O-O-O O-O
9.Nb3 a6 10.Bxf6 gxf6 11.f4 Kh8 12.f5 b5 13.g3 b4 14.Ne2 e5 15.Kb1 a5 16.g4 a4
17.Nbc1 Rg8 18.h3 Bb7 19.Ng3 d5 20.Qxd5 Qb6 21.Qxf7 Rgf8 22.Qe6 Ra5 23.Rh2 Bc8
24.Qc4 Ba6 25.Qe6 Bc8 26.Qc4 Ba6  1/2-1/2

[Event "Hastings8788"]
[Site "Hastings"]
[Date "1987.??.??"]
[Round "2"]
[White "Davies, Nigel R"]
[Black "Nunn, John DM"]
[Result "1/2-1/2"]
[WhiteElo "2460"]
[BlackElo "2585"]

1.e4 e5 2.Nf3 Nc6 3.Bb5 a6 4.Ba4 Nf6 5.Qe2 Be7 6.O-O b5 7.Bb3 O-O 8.c3 d5
9.d3 Bb7 10.Rd1 Re8 11.Nbd2 Na5 12.Bc2 c5 13.Nxe5 Qc7 14.Ng4 Rad8 15.h3 Nxg4
16.Qxg4 Rd6 17.Nf1 Rg6 18.Qh5 Bd6 19.Re1 Re5 20.Qf3 Ree6 21.Ne3 dxe4 22.dxe4 Rgf6
23.Qd1 Bh2+ 24.Kh1 Rxf2 25.Ng4 Rxc2 26.Qxc2 Bg3 27.Re2 Qe7 28.Qd3 Bb8 29.Be3 Bxe4
30.Qd1 h5 31.Nh2 Qh4 32.Bg1 Rg6 33.Qd7  1/2-1/2

[Event "Hastings8788"]
[Site "Hastings"]
[Date "1987.??.??"]
[Round "4"]
[White "Nunn, John DM"]
[Black "Benjamin, Joel"]
[Result "1/2-1/2"]
[WhiteElo "2585"]
[BlackElo "2575"]

1.e4 c5 2.Nf3 Nc6 3.d4 cxd4 4.Nxd4 Nf6 5.Nc3 d6 6.Bg5 e6 7.Qd2 a6 8.O-O-O h6
9.Bf4 Bd7 10.Nxc6 Bxc6 11.Qe1 Be7 12.Kb1 Qc7 13.f3 b5 14.Bd3 b4 15.Ne2 Qb6
16.h4 a5 17.g4 Nd7 18.g5 Ne5 19.Qg3 Nxd3 20.cxd3 Ba4 21.gxh6 Bxd1 22.hxg7 Rg8
23.Rxd1 Bf6 24.Bxd6 Qe3 25.Qh2 Rxg7 26.Nf4 Rd8 27.Bc7 Qxf3 28.Rc1 Rd7 29.Bxa5 Rg4
30.Nh5 Bd8 31.Bxd8 Rxd8 32.Qe5 Qxd3+ 33.Ka1 Rg6 34.Nf6+ Kf8 35.Nh7+ Kg8 36.Nf6+ Kf8
37.Nh7+  1/2-1/2

[Event "Hastings8788"]
[Site "Hastings"]
[Date "1987.??.??"]
[Round "5"]
[White "Larsen, Bent"]
[Black "Nunn, John DM"]
[Result "1/2-1/2"]
[WhiteElo "2570"]
[BlackElo "2585"]

1.Nf3 Nf6 2.c4 g6 3.Nc3 Bg7 4.e4 d6 5.d4 O-O 6.Be2 e5 7.O-O Nc6 8.d5 Ne7
9.Kh1 Nh5 10.g3 f5 11.exf5 Nxf5 12.Ng5 Nd4 13.Bd3 Nf6 14.f3 c6 15.Nge4 Bh3
16.Rf2 cxd5 17.Nxf6+ Bxf6 18.Nxd5 Bg5 19.Be4 Rc8 20.b3 Bxc1 21.Rxc1 Kg7 22.Nf4 Nxb3
23.axb3 exf4 24.Bxb7 Rc7 25.Qd4+ Qf6 26.Qxf6+ Kxf6 27.Be4 Rb8 28.Rb2 a5 29.Rd2 Rxb3
30.Rxd6+ Ke7 31.Rd2 a4 32.Kg1 a3 33.gxf4 Ra7 34.Kf2 Bf5  1/2-1/2

[Event "Hastings8788"]
[Site "Hastings"]
[Date "1987.??.??"]
[Round "6"]
[White "Psakhis, Lev"]
[Black "Nunn, John DM"]
[Result "1/2-1/2"]
[WhiteElo "2575"]
[BlackElo "2585"]

1.e4 e5 2.Nf3 Nc6 3.Bb5 a6 4.Bxc6 dxc6 5.Nc3 f6 6.d4 exd4 7.Nxd4 c5 8.Nde2 Qxd1+
9.Nxd1 Bd6 10.Bf4 Be6 11.Bxd6 cxd6 12.Ne3 Ne7 13.O-O-O O-O-O 14.Nf4 Bf7 15.Rd2 Rd7
16.h4 Rhd8 17.Rhd1 Kc7 18.h5 Kc6 19.f3 d5 20.exd5+ Nxd5 21.Nfxd5 Bxd5 22.Nf5 c4  1/2-1/2

[Event "Hastings8788"]
[Site "Hastings"]
[Date "1987.??.??"]
[Round "7"]
[White "Nunn, John DM"]
[Black "Short, Nigel D"]
[Result "1/2-1/2"]
[WhiteElo "2585"]
[BlackElo "2620"]

1.e4 e5 2.Nf3 Nc6 3.Bb5 a6 4.Ba4 Nf6 5.O-O Be7 6.Re1 b5 7.Bb3 d6 8.c3 O-O
9.h3 Nd7 10.d4 Bf6 11.a4 Bb7 12.axb5 axb5 13.Rxa8 Bxa8 14.Na3 Qb8 15.Nc2 b4
16.Bd5 bxc3 17.bxc3 Nb6 18.Ne3 exd4 19.cxd4 Nxd5 20.Nxd5 Bd8 21.Bf4 Ne7 22.Nc3 f5
23.Ng5  1/2-1/2

[Event "Hastings8788"]
[Site "Hastings"]
[Date "1987.??.??"]
[Round "8"]
[White "Chandler, Murray G"]
[Black "Nunn, John DM"]
[Result "1/2-1/2"]
[WhiteElo "2575"]
[BlackElo "2585"]

1.e4 e5 2.Nf3 Nc6 3.Bb5 a6 4.Ba4 Nf6 5.O-O Be7 6.Re1 b5 7.Bb3 O-O 8.c3 d5
9.exd5 Nxd5 10.Nxe5 Nxe5 11.Rxe5 c6 12.d4 Bd6 13.Re1 Qh4 14.g3 Qh3 15.Be3 Bg4
16.Qd3 Rae8 17.Nd2 Re6 18.a4 Qh5 19.axb5 axb5 20.Nf1 Rfe8 21.Bd1 Bxd1 22.Qxd1 Qf5
23.Bd2 Rxe1 24.Bxe1 h5 25.h4 c5 26.b3 cxd4 27.Qxd4 Re4 28.Qd3 Bc5 29.Ra8+ Kh7
30.Re8 Nxc3 31.Kg2 Kg6 32.Rxe4 Qxe4+ 33.Qxe4+ Nxe4 34.f3 Nf6 35.Bf2 Nd7 36.Nd2 Kf5  1/2-1/2

[Event "Hastings8788"]
[Site "Hastings"]
[Date "1987.??.??"]
[Round "9"]
[White "Nunn, John DM"]
[Black "Davies, Nigel R"]
[Result "1-0"]
[WhiteElo "2585"]
[BlackElo "2460"]

1.e4 e5 2.Nf3 Nc6 3.Bb5 g6 4.d4 exd4 5.Bg5 f6 6.Bh4 Bg7 7.O-O Nge7 8.Bc4 Na5
9.Qxd4 Nec6 10.Qd5 Nxc4 11.Qxc4 d6 12.Nc3 Bg4 13.Nd4 Nxd4 14.Qxd4 O-O 15.f4 Qd7
16.h3 Be6 17.f5 gxf5 18.exf5 Bxf5 19.Nd5 Rae8 20.Bxf6 Re4 21.Qc3 c6 22.Qg3 Bg6
23.Bxg7 Rxf1+ 24.Rxf1 cxd5 25.Bh6 Re8 26.h4 Kh8 27.h5 Be4 28.Qc3+ Kg8 29.Qf6  1-0

[Event "Hastings8788"]
[Site "Hastings"]
[Date "1987.??.??"]
[Round "11"]
[White "Benjamin, Joel"]
[Black "Nunn, John DM"]
[Result "1-0"]
[WhiteElo "2575"]
[BlackElo "2585"]

1.Nf3 Nf6 2.c4 g6 3.Nc3 Bg7 4.e4 d6 5.d4 O-O 6.Be2 e5 7.O-O Nc6 8.d5 Ne7
9.Ne1 Nd7 10.Be3 f5 11.f3 f4 12.Bf2 g5 13.Nb5 Nf6 14.Nxa7 Bd7 15.c5 Rxa7
16.cxd6 Nc8 17.dxc7 Qxc7 18.Bxa7 Nxa7 19.Qb3 Qc5+ 20.Kh1 Nh5 21.Nd3 Qe3 22.Nf2 Qxe2
23.Qxb7 Rf7 24.Qxa7 g4 25.Rfe1 Qb5 26.fxg4 Nf6 27.a4 Qb3 28.a5 f3 29.Qb6 fxg2+
30.Kg1 Qf3 31.Qe3 Qxe3 32.Rxe3 Bf8 33.Rc3 Bb4 34.Rc2 Nxg4 35.a6 Nxf2 36.a7 Nh3+
37.Kxg2 Rg7+ 38.Kh1 Bg4 39.a8=Q+ Bf8 40.Kg2  1-0

[Event "Hastings8788"]
[Site "Hastings"]
[Date "1987.??.??"]
[Round "12"]
[White "Nunn, John DM"]
[Black "Larsen, Bent"]
[Result "1/2-1/2"]
[WhiteElo "2585"]
[BlackElo "2570"]

1.e4 c5 2.Nf3 Nc6 3.d4 cxd4 4.Nxd4 g6 5.c4 Bg7 6.Be3 Nf6 7.Nc3 Ng4 8.Qxg4 Nxd4
9.Qd1 Ne6 10.Rc1 b6 11.Bd3 Bb7 12.O-O O-O 13.b4 Rc8 14.Qd2 Ba6 15.Nd5 Nc7
16.c5 Bxd3 17.Qxd3 bxc5 18.Bxc5 Nxd5 19.Qxd5 Bh6 20.Rcd1 Rc7 21.e5 Re8 22.Rfe1 Qc8
23.g3 Bf8 24.Qf3 Qb7 25.Kg2 Rec8 26.Re4 a5 27.a3 axb4 28.Bxb4 e6 29.Red4 Bxb4
30.axb4 Rb8 31.Qxb7 Rbxb7 32.Kf3 Kf8 33.Ke4 Ke7 34.Kd3 Rb5 35.f4 f6 36.Re1 Rb8
37.Rb1 Rcb7 38.exf6+ Kxf6 39.b5 Ke7 40.Rdb4 Rb6 41.Kd4 h6 42.R1b2 g5 43.Ke4 Rf8
44.R2b3 Rf5 45.Rb2 gxf4 46.gxf4 Rh5 47.R4b3 Rd5 48.Rb4 Kd8 49.R2b3 Rh5 50.Rb2 Rc5
51.Kd4 Rc1 52.Rb1 Rd6+ 53.Ke4 Rxb1 54.Rxb1 Rd5 55.b6 Kc8 56.b7+ Kb8 57.Rb3 Rc5
58.Rd3 Rc7 59.Rh3 Rc4+ 60.Ke5 h5 61.Rd3 Rc7 62.Kd6 Rxb7  1/2-1/2

[Event "Hastings8788"]
[Site "Hastings"]
[Date "1987.??.??"]
[Round "13"]
[White "Nunn, John DM"]
[Black "Psakhis, Lev"]
[Result "1/2-1/2"]
[WhiteElo "2585"]
[BlackElo "2575"]

1.e4 e5 2.Nf3 Nc6 3.Bb5 a6 4.Ba4 Nf6 5.O-O Be7 6.Re1 b5 7.Bb3 O-O 8.c3 d6
9.h3 Re8 10.d4 Bb7 11.Nbd2 Bf8 12.a4 h6 13.Bc2 exd4 14.cxd4 Nb4 15.Bb1 c5
16.d5 Nd7 17.Ra3 c4 18.Nd4 Qf6 19.N2f3 Nc5 20.axb5 axb5 21.Nxb5 Rxa3 22.Nxa3 Ba6
23.Re3 Rb8 24.e5 dxe5 25.Nxe5 Ncd3 26.Ng4 Qh4 27.Rg3 Kh8 28.Bd2 Bd6 29.Rf3 Nxb2
30.Qe2 Qe7 31.Qxe7  1/2-1/2

[Event "Hastings8788"]
[Site "Hastings"]
[Date "1987.??.??"]
[Round "14"]
[White "Short, Nigel D"]
[Black "Nunn, John DM"]
[Result "1/2-1/2"]
[WhiteElo "2620"]
[BlackElo "2585"]

1.e4 e5 2.Nf3 Nc6 3.Bb5 a6 4.Ba4 Nf6 5.O-O Be7 6.Bxc6 dxc6 7.Qe1 Nd7 8.d4 exd4
9.Nxd4 Nc5 10.Nb3 Nxb3 11.axb3 O-O 12.Nc3 f5 13.Bf4  1/2-1/2

[Event "Lloyds Bank op"]
[Site "London"]
[Date "1987.??.??"]
[Round "1"]
[White "Reynolds, Robert"]
[Black "Nunn, John DM"]
[Result "0-1"]
[WhiteElo "2330"]
[BlackElo "2585"]

1.d4 Nf6 2.Nc3 d5 3.Bg5 Nbd7 4.Nf3 e6 5.e4 h6 6.Bh4 g5 7.Bg3 Nxe4 8.Nxe4 dxe4
9.Ne5 Bg7 10.h4 Nxe5 11.Bxe5 Bxe5 12.dxe5 Bd7 13.Qg4 Qe7 14.O-O-O O-O-O 15.Qxe4 Bc6
16.Rxd8+ Rxd8 17.Qe3 gxh4 18.Qxa7 Qg5+ 19.Qe3 Rd4 20.Qxg5 hxg5 21.f3 Rd5
22.f4 gxf4 23.Rxh4 f3 24.Rh5 Rd8 25.Rh2 Rg8 26.g3 Rxg3 27.Kd2 Rg1 28.Ke1 Bb5
29.Rf2 Be2 30.c4 c5 31.a3 b6 32.b4 Kc7  0-1

[Event "Lloyds Bank op"]
[Site "London"]
[Date "1987.??.??"]
[Round "4"]
[White "Nunn, John DM"]
[Black "Arkell, Keith C"]
[Result "1-0"]
[WhiteElo "2585"]
[BlackElo "2400"]

1.e4 c6 2.d4 d5 3.Nd2 dxe4 4.Nxe4 Nf6 5.Nxf6+ exf6 6.c3 Bf5 7.Ne2 Bd6 8.Ng3 Bg6
9.Bc4 O-O 10.O-O Re8 11.f4 b5 12.Bb3 Be4 13.Qh5 Qd7 14.Nxe4 Rxe4 15.Bc2 g6
16.Qh4 Re8 17.f5 Be7 18.Rf3 g5 19.Qh5 Bd8 20.Bxg5  1-0